[Event "Reykjavik op"]
[Site "Reykjavik"]
[Date "2025.04.14"]
[Round "8"]
[White "Schouten, Mathias Lind"]
[Black "Zierk, Steven C"]
[Result "1/2-1/2"]
[WhiteElo "2279"]
[BlackElo "2501"]
[PlyCount "144"]
[EventDate "2025.04.09"]
[EventType "swiss"]
[EventRounds "9"]
[EventCountry "ISL"]
[SourceTitle "CB17_2025"]
[SourceDate "2025.04.23"]
[SourceVersion "1"]
[SourceVersionDate "2025.04.23"]
[SourceQuality "1"]

1. d4 Nf6 2. c4 e6 3. Nf3 d5 4. Nc3 dxc4 5. e4 b5 6. e5 Nd5 7. Nxb5 Nb6 8. Be2 Be7 9. 0-0 Nc6 10. Nc3 0-0 11. b3 cxb3 12. axb3 Bb7 13. Bd3 Nb4 14. Bb1 c5 15. Ne4 cxd4 16. Nxd4 Qd5 17. Bb2 Qxe5 18. Qe2 Qf4 19. g3 Qh6 20. h4 Rfc8 21. Nb5 Ba6 22. Rxa6 Nxa6 23. Nbd6 Bxd6 24. Nxd6 Nb4 25. Nxc8 Rxc8 26. Rd1 N4d5 27. Be4 a5 28. Ra1 Nf6 29. Bf3 Nbd5 30. Rxa5 Qg6 31. Qc4 Qb1+ 32. Kh2 Re8 33. Qe2 h6 34. b4 Rb8 35. b5 Qf5 36. Be5 Rc8 37. Bxf6 Nxf6 38. Ra8 Rxa8 39. Bxa8 Qc5 40. Kg2 Kf8 41. Bc6 g5 42. hxg5 hxg5 43. Qd2 Ke7 44. Kf1 Ng4 45. Kg2 Nf6 46. Kf1 Ng4 47. Kg1 f6 48. Bf3 Ne5 49. Be2 Qxb5 50. Bxb5 Nf3+ 51. Kg2 Nxd2 52. Bd3 e5 53. f3 Nb3 54. Kf2 Nc5 55. Bf5 Nb7 56. f4 Nd6 57. Bb1 Ke6 58. fxg5 fxg5 59. Kf3 Kd5 60. Kg4 Ne4 61. Ba2+ Kd4 62. Bf7 Nf2+ 63. Kxg5 e4 64. Bh5 e3 65. Bf3 Kd3 66. Kf5 Nh3 67. Bb7 Kd2 68. Ba6 Nf2 69. Bf1 Ke1 70. Kf4 Kxf1 71. Kxe3 Kg2 72. g4 Nxg4+ 1/2-1/2

[Event "Reykjavik op"]
[Site "Reykjavik"]
[Date "2025.04.11"]
[Round "4"]
[White "Zierk, Steven C"]
[Black "Li, Guohao"]
[Result "1/2-1/2"]
[WhiteElo "2501"]
[BlackElo "2356"]
[PlyCount "78"]
[EventDate "2025.04.09"]
[EventType "swiss"]
[EventRounds "9"]
[EventCountry "ISL"]
[SourceTitle "CB17_2025"]
[SourceDate "2025.04.23"]
[SourceVersion "1"]
[SourceVersionDate "2025.04.23"]
[SourceQuality "1"]

1. e4 c5 2. Nf3 d6 3. d4 cxd4 4. Nxd4 Nf6 5. f3 e5 6. Nb3 a5 7. Nc3 Be6 8. Bb5+ Nbd7 9. Be3 Be7 10. Qe2 0-0 11. 0-0-0 Qc7 12. Qf2 Bc4 13. Bxc4 Qxc4 14. g4 Rfc8 15. g5 Nh5 16. Nd5 Bf8 17. Kb1 b5 18. Rd3 b4 19. Rc1 a4 20. Nd2 Qb5 21. c4 Qb7 22. Nf1 Rc6 23. Qd2 Rb8 24. Ng3 Nf4 25. Nxf4 exf4 26. Bxf4 Qa6 27. Nf5 b3 28. a3 Rxc4 29. Rxc4 Qxc4 30. Bxd6 Bxd6 31. Rxd6 Nf8 32. Qd3 Qc5 33. Rd4 Ne6 34. Qc4 Qb6 35. Rd1 Qf2 36. Rc1 Rd8 37. Qxa4 Qxf3 38. Qc4 Nxg5 39. Ng3 h5 1/2-1/2

[Event "Titled Tuesday intern op 11th Mar Late"]
[Site "Chess.com INT"]
[Date "2025.03.11"]
[Round "3"]
[White "Caruana, Fabiano"]
[Black "Zierk, Steven C"]
[Result "1-0"]
[WhiteElo "2783"]
[BlackElo "2501"]
[PlyCount "65"]
[EventDate "2025.03.11"]
[EventType "swiss (blitz)"]
[EventRounds "11"]
[EventCountry "USA"]
[SourceTitle "CB12_2025"]
[SourceDate "2025.03.19"]
[SourceVersion "1"]
[SourceVersionDate "2025.03.19"]
[SourceQuality "1"]

1. e4 e6 2. d4 d5 3. Nc3 Bb4 4. e5 c5 5. a3 Bxc3+ 6. bxc3 Qa5 7. Bd2 Qa4 8. h4 Nc6 9. Nf3 b6 10. h5 h6 11. Rh4 cxd4 12. Nxd4 Nxd4 13. Rxd4 Qc6 14. Qg4 Kf8 15. c4 a5 16. Qf3 Qc7 17. cxd5 Qxe5+ 18. Qe3 Qxe3+ 19. Bxe3 e5 20. Rd2 f5 21. Bxb6 Nf6 22. c4 Kf7 23. c5 Rb8 24. Bc4 Ne4 25. Rd3 Nd6 26. Bc7 Nxc4 27. Bxb8 Ba6 28. Bc7 Nb2 29. Rf3 Nd3+ 30. Kd2 Nxc5 31. Rxf5+ Ke7 32. Rb1 Kd7 33. Rf7+ 1-0

[Event "Titled Tuesday intern op 11th Mar Late"]
[Site "Chess.com INT"]
[Date "2025.03.11"]
[Round "7"]
[White "Dyachuk, Artem"]
[Black "Zierk, Steven C"]
[Result "1-0"]
[WhiteElo "2308"]
[BlackElo "2501"]
[PlyCount "76"]
[EventDate "2025.03.11"]
[EventType "swiss (blitz)"]
[EventRounds "11"]
[EventCountry "USA"]
[SourceTitle "CB12_2025"]
[SourceDate "2025.03.19"]
[SourceVersion "1"]
[SourceVersionDate "2025.03.19"]
[SourceQuality "1"]

1. d4 d5 2. c4 e6 3. Nc3 Nf6 4. Nf3 dxc4 5. e4 b5 6. e5 Nd5 7. Nxb5 Nb6 8. Be2 Be7 9. 0-0 Nc6 10. Qd2 Rb8 11. Nc3 Nb4 12. Qf4 0-0 13. Rd1 Bb7 14. Ne4 Qd5 15. Nf6+ gxf6 16. exf6 Bxf6 17. Qxf6 Qf5 18. Qh4 Kh8 19. Ne5 f6 20. Ng4 Nc2 21. Ne3 Nxe3 22. Bxe3 Rg8 23. g3 Rbf8 24. Re1 Qd5 25. f3 Qf5 26. Rac1 Bd5 27. Bd1 Qg6 28. Bc2 f5 29. Bf4 h5 30. Re3 Kg7 31. Rce1 Kf7 32. Be5 Ke8 33. Bxc7 f4 34. Bxf4 Qxc2 35. Qxh5+ Kd7 36. Qe5 Rc8 37. Qd6+ Ke8 38. Rxe6+ Bxe6 1-0

[Event "Titled Tuesday intern op 11th Mar Late"]
[Site "Chess.com INT"]
[Date "2025.03.11"]
[Round "1"]
[White "Shinkarev, M."]
[Black "Zierk, Steven C"]
[Result "0-1"]
[WhiteElo "2118"]
[BlackElo "2501"]
[PlyCount "96"]
[EventDate "2025.03.11"]
[EventType "swiss (blitz)"]
[EventRounds "11"]
[EventCountry "USA"]
[SourceTitle "CB12_2025"]
[SourceDate "2025.03.19"]
[SourceVersion "1"]
[SourceVersionDate "2025.03.19"]
[SourceQuality "1"]

1. c4 e6 2. d4 d5 3. cxd5 exd5 4. Nc3 Nf6 5. Bg5 c6 6. Qc2 Be6 7. e3 Nbd7 8. Bd3 h6 9. Bh4 g5 10. Bg3 Nh5 11. Nge2 Nxg3 12. Nxg3 h5 13. Nf5 h4 14. h3 Qa5 15. 0-0-0 0-0-0 16. Kb1 Kb8 17. f3 Rc8 18. e4 Bxf5 19. exf5 Bg7 20. Ne2 Rhe8 21. f4 gxf4 22. Nxf4 Bxd4 23. Nh5 Nf6 24. Nxf6 Bxf6 25. Rd2 Re3 26. Re2 Rce8 27. Rxe3 Rxe3 28. a3 Qb6 29. Rd1 Qd4 30. Bf1 Qe5 31. Bd3 Re1 32. Rxe1 Qxe1+ 33. Ka2 Bd4 34. Qe2 Qxe2 35. Bxe2 Kc7 36. b4 b6 37. Kb3 c5 38. bxc5 bxc5 39. a4 Kd6 40. Kc2 c4 41. Bf3 Be5 42. Be2 Kc5 43. Bf3 d4 44. Be4 a5 45. Bb7 d3+ 46. Kd2 Kd4 47. Bf3 c3+ 48. Ke1 c2 0-1

[Event "Titled Tuesday intern op 11th Mar Late"]
[Site "Chess.com INT"]
[Date "2025.03.11"]
[Round "2"]
[White "Zierk, Steven C"]
[Black "Melillo, Lucius"]
[Result "1-0"]
[WhiteElo "2501"]
[BlackElo "2195"]
[PlyCount "79"]
[EventDate "2025.03.11"]
[EventType "swiss (blitz)"]
[EventRounds "11"]
[EventCountry "USA"]
[SourceTitle "CB12_2025"]
[SourceDate "2025.03.19"]
[SourceVersion "1"]
[SourceVersionDate "2025.03.19"]
[SourceQuality "1"]

1. Nf3 d5 2. g3 g6 3. Bg2 Bg7 4. 0-0 e5 5. d3 Nc6 6. c4 dxc4 7. dxc4 Qxd1 8. Rxd1 e4 9. Ne1 f5 10. Nc3 Be6 11. Nb5 Rc8 12. Bf4 Bxb2 13. Rab1 Be5 14. Bxe5 Nxe5 15. Nxa7 Rb8 16. f4 Nd7 17. Nb5 c6 18. Nd6+ Ke7 19. Nxb7 Ngf6 20. Na5 Rhc8 21. Rxb8 Nxb8 22. Nc2 c5 23. Ne3 Nc6 24. Nb3 Nb4 25. Rd2 Nd7 26. a3 Nc6 27. Nd5+ Bxd5 28. cxd5 Nd4 29. Nxd4 cxd4 30. Rxd4 Kd6 31. Rd2 Rc1+ 32. Kf2 Rc3 33. e3 Nb6 34. g4 Nxd5 35. gxf5 gxf5 36. Bh3 Ke6 37. Bxf5+ Kxf5 38. Rxd5+ Kf6 39. Re5 Rxa3 40. Rxe4 1-0

[Event "Titled Tuesday intern op 26th Nov Late"]
[Site "Chess.com INT"]
[Date "2024.11.26"]
[Round "8"]
[White "Zierk, Steven C"]
[Black "Ibarra Jerez, Jose Carlos"]
[Result "0-1"]
[WhiteElo "2501"]
[BlackElo "2556"]
[PlyCount "44"]
[EventDate "2024.11.26"]
[EventType "swiss (blitz)"]
[EventRounds "11"]
[EventCountry "USA"]
[SourceTitle "CB49_2024"]
[SourceDate "2024.12.04"]
[SourceVersion "1"]
[SourceVersionDate "2024.12.04"]
[SourceQuality "1"]

1. e4 c5 2. Nf3 Nc6 3. Bb5 e6 4. 0-0 Nd4 5. Nxd4 cxd4 6. c3 a6 7. Bc4 b5 8. Bb3 Bc5 9. d3 Ne7 10. cxd4 Bxd4 11. Nd2 Nc6 12. Nf3 0-0 13. Qe2 d5 14. Bg5 Qd6 15. Rac1 Bb6 16. exd5 exd5 17. Bf4 Nd4 18. Nxd4 Qxf4 19. Nc6 Bg4 20. Qc2 Rae8 21. Rce1 Bf3 22. gxf3 Bc7 0-1

[Event "Titled Tuesday intern op 26th Nov Late"]
[Site "Chess.com INT"]
[Date "2024.11.26"]
[Round "11"]
[White "Zierk, Steven C"]
[Black "Shankland, Samuel L"]
[Result "0-1"]
[WhiteElo "2501"]
[BlackElo "2672"]
[PlyCount "86"]
[EventDate "2024.11.26"]
[EventType "swiss (blitz)"]
[EventRounds "11"]
[EventCountry "USA"]
[SourceTitle "CB49_2024"]
[SourceDate "2024.12.04"]
[SourceVersion "1"]
[SourceVersionDate "2024.12.04"]
[SourceQuality "1"]

1. e4 c5 2. Nf3 d6 3. d4 cxd4 4. Nxd4 Nf6 5. Nc3 Nc6 6. Bg5 e6 7. Qd2 a6 8. 0-0-0 Bd7 9. f4 Be7 10. Nf3 b5 11. a3 b4 12. axb4 Nxb4 13. Bc4 Qa5 14. Kb1 0-0 15. e5 Rfc8 16. Bb3 Rxc3 17. Qxc3 Ne4 18. Qd4 Nxg5 19. fxg5 Ba4 20. Bxa4 Qxa4 21. Qc4 dxe5 22. Nxe5 Bxg5 23. Nd3 Rb8 24. Rhf1 h5 25. Qb3 Qxb3 26. cxb3 Nd5 27. Rf3 Rxb3 28. Ne5 Rb5 29. Nxf7 Bf6 30. Nd6 Rxb2+ 31. Kc1 Rxg2 32. Rdd3 Rxh2 33. Ne4 h4 34. Rb3 e5 35. Kd1 Kf7 36. Rb7+ Kg6 37. Rd7 Nf4 38. Rf1 Kf5 39. Nf2 e4 40. Rc7 e3 41. Rc5+ Ke6 42. Re1 Rxf2 43. Rxe3+ Kf7 0-1

[Event "Saint Louis Summer-B"]
[Site "Saint Louis"]
[Date "2024.06.04"]
[Round "8"]
[White "Khachiyan, Melikset"]
[Black "Zierk, Steven C"]
[Result "0-1"]
[WhiteElo "2430"]
[BlackElo "2487"]
[PlyCount "138"]
[EventDate "2024.05.28"]
[EventType "tourn"]
[EventRounds "9"]
[EventCountry "USA"]
[EventCategory "8"]
[SourceTitle "CBM 220 Extra"]
[Source "ChessBase"]
[SourceDate "2024.07.31"]
[SourceVersion "1"]
[SourceVersionDate "2024.07.31"]
[SourceQuality "1"]

1. Nf3 d5 2. g3 Nf6 3. Bg2 e6 4. 0-0 c5 5. c4 d4 6. e3 Nc6 7. exd4 cxd4 8. d3 Bd6 9. Bg5 h6 10. Bxf6 Qxf6 11. Nbd2 Qe7 12. a3 a5 13. Ne4 Bc7 14. b4 axb4 15. axb4 Rxa1 16. Qxa1 Qxb4 17. Nxd4 Nxd4 18. Qxd4 0-0 19. Qc5 Qxc5 20. Nxc5 Rd8 21. Ra1 b6 22. Ra7 Be5 23. Na4 Bd4 24. Ra8 Rf8 25. c5 Bd7 26. Nxb6 Rxa8 27. Bxa8 Bb5 28. Nc4 Bxc5 29. Kf1 g5 30. Ke2 Kg7 31. Ne5 f6 32. Bc6 Ba6 33. Nf3 f5 34. h4 g4 35. Ne1 Kf6 36. Ng2 e5 37. Ne3 e4 38. Nxg4+ fxg4 39. Bxe4 h5 40. Bc6 Ke7 41. Be4 Bb5 42. Bg6 Be8 43. Be4 Kf6 44. Bd5 Bf7 45. Bc6 Ke5 46. Be4 Kd4 47. Bf5 Ke5 48. Be4 Kf6 49. Bc6 Ke6 50. Bb7 Be8 51. Bc8+ Bd7 52. Bb7 Ke5 53. Be4 Be8 54. Bb7 Bg6 55. Ba6 Bf7 56. Bb5 Kd4 57. Bd7 Bd5 58. Bf5 Bf3+ 59. Ke1 Bb4+ 60. Kf1 Kc3 61. Bg6 Kd2 62. Bxh5 Be2+ 63. Kg2 Ke1 64. Bxg4 Bxg4 65. f3 Bf5 66. g4 Bxd3 67. h5 Bd6 68. g5 Bf1+ 69. Kg1 Bc5+ 0-1

[Event "Saint Louis Summer-B"]
[Site "Saint Louis"]
[Date "2024.06.02"]
[Round "6"]
[White "Hardaway, Brewington"]
[Black "Zierk, Steven C"]
[Result "0-1"]
[WhiteElo "2450"]
[BlackElo "2487"]
[PlyCount "108"]
[EventDate "2024.05.28"]
[EventType "tourn"]
[EventRounds "9"]
[EventCountry "USA"]
[EventCategory "8"]
[SourceTitle "CBM 220 Extra"]
[Source "ChessBase"]
[SourceDate "2024.07.31"]
[SourceVersion "1"]
[SourceVersionDate "2024.07.31"]
[SourceQuality "1"]

1. e4 e6 2. d4 d5 3. e5 c5 4. c3 Nc6 5. Nf3 Bd7 6. Be2 Rc8 7. 0-0 h6 8. Be3 Nge7 9. dxc5 Nf5 10. Bd4 g5 11. Na3 a6 12. Nc2 Bg7 13. Bd3 Nfxd4 14. cxd4 0-0 15. Ne3 f6 16. Bc2 fxe5 17. dxe5 Qe7 18. Qd3 Rxf3 19. gxf3 Nxe5 20. Qh7+ Kf8 21. Ng4 Nxf3+ 22. Kh1 Qf7 23. Nxh6 Qf6 24. Ng4 Qf4 25. Ne3 Rxc5 26. Ng2 Qxh2+ 27. Qxh2 Nxh2 28. Kxh2 Rxc2 29. Rab1 Bb5 30. Rfe1 Bd3 31. Kg3 Be4 32. Ne3 Be5+ 33. Kg4 Rxf2 34. Rf1 Rf7 35. Rxf7+ Kxf7 36. Rf1+ Kg6 37. b3 d4 38. Nc4 Bf5+ 39. Kf3 Bf4 40. Re1 d3 41. Ne3 e5 42. Rd1 e4+ 43. Kf2 g4 44. Rg1 Kg5 45. Nd1 Bc7 46. Re1 Kf4 47. Rf1 Bb6+ 48. Ke1+ Ke5 49. Kd2 Ba5+ 50. Ke3 g3 51. Nb2 Bb6+ 52. Kd2 e3+ 53. Ke1 Ba5+ 54. Kd1 e2+ 0-1

[Event "Saint Louis Summer-B"]
[Site "Saint Louis"]
[Date "2024.05.31"]
[Round "4"]
[White "Stearman, Josiah P"]
[Black "Zierk, Steven C"]
[Result "0-1"]
[WhiteElo "2467"]
[BlackElo "2487"]
[PlyCount "108"]
[EventDate "2024.05.28"]
[EventType "tourn"]
[EventRounds "9"]
[EventCountry "USA"]
[EventCategory "8"]
[SourceTitle "CBM 220 Extra"]
[Source "ChessBase"]
[SourceDate "2024.07.31"]
[SourceVersion "1"]
[SourceVersionDate "2024.07.31"]
[SourceQuality "1"]

1. d4 d5 2. c4 e6 3. Nc3 Nf6 4. cxd5 exd5 5. Bg5 c6 6. Qc2 Be6 7. e3 Nbd7 8. Bd3 h6 9. Bh4 g5 10. Bg3 Nh5 11. Nge2 Nxg3 12. Nxg3 h5 13. Nf5 h4 14. 0-0-0 Qa5 15. Kb1 0-0-0 16. g3 h3 17. g4 Kb8 18. f3 Rc8 19. e4 dxe4 20. fxe4 c5 21. d5 Bxf5 22. exf5 c4 23. Be2 Bd6 24. Ne4 Bf4 25. Rhf1 f6 26. d6 Rc6 27. Bf3 Rhc8 28. Nxf6 Nxf6 29. Bxc6 Rxc6 30. d7 Qd8 31. Qc3 Ne4 32. Qd4 Nd6 33. Rf3 Qxd7 34. Rxh3 b6 35. Rh8+ Kb7 36. Rg8 Rc7 37. Qc3 Qc6 38. Rg6 Nb5 39. Qc2 Qc5 40. a4 Nd6 41. Qg2+ Ka6 42. Qd5 Qxd5 43. Rxd5 c3 44. bxc3 Ne4 45. Rd8 Nxc3+ 46. Kc2 Nxa4+ 47. Kd3 Rc1 48. Rgg8 Nc5+ 49. Kd4 Kb5 50. Rge8 a5 51. Ra8 Kb4 52. Kd5 Rd1+ 53. Kc6 Rd6+ 54. Kc7 Kb5 0-1

[Event "Saint Louis Summer-B"]
[Site "Saint Louis"]
[Date "2024.05.30"]
[Round "3"]
[White "Lee, Alice"]
[Black "Zierk, Steven C"]
[Result "1/2-1/2"]
[WhiteElo "2368"]
[BlackElo "2487"]
[PlyCount "154"]
[EventDate "2024.05.28"]
[EventType "tourn"]
[EventRounds "9"]
[EventCountry "USA"]
[EventCategory "8"]
[SourceTitle "CBM 220 Extra"]
[Source "ChessBase"]
[SourceDate "2024.07.31"]
[SourceVersion "1"]
[SourceVersionDate "2024.07.31"]
[SourceQuality "1"]

1. d4 d5 2. c4 dxc4 3. Nf3 Nf6 4. e3 e6 5. Bxc4 c5 6. 0-0 a6 7. b3 Nc6 8. Nc3 b5 9. d5 Nb4 10. e4 bxc4 11. bxc4 Be7 12. a3 0-0 13. Re1 Qa5 14. Bb2 Nc6 15. dxc6 Qb6 16. Bc1 Qxc6 17. Bg5 h6 18. Bh4 Rd8 19. Qc2 Qe8 20. Rab1 g5 21. Bg3 Nh5 22. Bc7 Rd7 23. Qa4 Nf6 24. Qc6 Ra7 25. Bb6 Bb7 26. Qa4 Ra8 27. Ba5 Qc8 28. Qb3 Bc6 29. Ne5 Rd4 30. f3 Nd7 31. Nxc6 Qxc6 32. Ne2 Rd6 33. Bc3 Qc7 34. Qc2 Rc6 35. Qd2 Ne5 36. Ba1 Rd8 37. Qc3 f6 38. f4 Nd3 39. Rf1 gxf4 40. Nxf4 Nxf4 41. Qg3+ Kh7 42. Rxf4 Bd6 43. e5 Bxe5 44. Bxe5 Qxe5 45. Qf3 Rcd6 46. Rxf6 Qd4+ 47. Qf2 Qxf2+ 48. Kxf2 Kg7 49. Rf3 Rd2+ 50. Kg3 Kg6 51. Re1 R8d6 52. Re5 Rc2 53. Rxc5 Rdd2 54. Rc6 Rxg2+ 55. Kf4 Rce2 56. Re3 Rxe3 57. Kxe3 Kf5 58. Rxa6 Rxh2 59. Ra8 Rh3+ 60. Kf2 Ke4 61. a4 Rh2+ 62. Kg3 Rc2 63. Rh8 Rxc4 64. Rxh6 Rc3+ 65. Kf2 Rc2+ 66. Ke1 e5 67. Rh4+ Kd3 68. Rh3+ Kd4 69. a5 Ra2 70. Rh4+ e4 71. Rh3 Rxa5 72. Rg3 e3 73. Rg8 Ra1+ 74. Ke2 Ra2+ 75. Ke1 Ra1+ 76. Ke2 Ra2+ 77. Ke1 Ra1+ 1/2-1/2

[Event "Saint Louis Summer-B"]
[Site "Saint Louis"]
[Date "2024.05.29"]
[Round "2"]
[White "Zierk, Steven C"]
[Black "Woodward, Andy"]
[Result "0-1"]
[WhiteElo "2487"]
[BlackElo "2503"]
[PlyCount "134"]
[EventDate "2024.05.28"]
[EventType "tourn"]
[EventRounds "9"]
[EventCountry "USA"]
[EventCategory "8"]
[SourceTitle "CBM 220 Extra"]
[Source "ChessBase"]
[SourceDate "2024.07.31"]
[SourceVersion "1"]
[SourceVersionDate "2024.07.31"]
[SourceQuality "1"]

1. Nf3 d5 2. b3 Bf5 3. Bb2 e6 4. c4 Nf6 5. e3 Nbd7 6. Nc3 c6 7. d4 Bb4 8. a3 Bxc3+ 9. Bxc3 Ne4 10. Bb2 Qf6 11. Be2 g5 12. 0-0 h5 13. Ne5 g4 14. b4 Nxe5 15. dxe5 Qg5 16. cxd5 cxd5 17. Bd4 Kf8 18. Rc1 h4 19. f3 Ng3 20. f4 Qg6 21. Re1 Ne4 22. Bc5+ Kg8 23. Be7 Re8 24. Bf6 g3 25. h3 Nxf6 26. exf6 Qxf6 27. Bd3 Bxd3 28. Qxd3 Re7 29. e4 dxe4 30. Rxe4 Kg7 31. Qf3 Rd8 32. Rf1 Red7 33. f5 exf5 34. Rg4+ Kf8 35. Rf4 Rd5 36. Qh5 Kg7 37. Rxh4 Re5 38. Rhf4 Rd3 39. a4 Rb3 40. b5 Ra3 41. Qd1 Rae3 42. Qb1 R3e4 43. R4f3 f4 44. Qd1 Qb6+ 45. Kh1 Qd4 46. Rd3 Qb6 47. Rd6 Re1 48. Qg4+ Kf8 49. Rd1 Rxd1 50. Qxd1 Re4 51. Qc2 Qd4 52. Qc8+ Re8 53. Qc2 Kg7 54. Qf5 Qe5 55. Qg4+ Kf8 56. Qh4 Re6 57. Qd8+ Kg7 58. Qd1 Qe2 59. Qa1+ Qe5 60. Qd1 b6 61. Qg4+ Kf8 62. Qd1 Rd6 63. Qc1 Kg7 64. Qc8 Qe2 65. Qc3+ Kh7 66. Qe1 f3 67. Qb1+ Kg8 0-1

[Event "Titled Tuesday intern op 09th Apr Late"]
[Site "Chess.com INT"]
[Date "2024.04.09"]
[Round "8"]
[White "Zierk, Steven C"]
[Black "Domingo Nunez, Ruben"]
[Result "1-0"]
[WhiteElo "2487"]
[BlackElo "2442"]
[PlyCount "63"]
[EventDate "2024.04.09"]
[EventType "swiss (blitz)"]
[EventRounds "11"]
[EventCountry "USA"]
[SourceTitle "EXT 2025"]
[Source "ChessBase"]
[SourceDate "2024.10.14"]
[SourceVersion "1"]
[SourceVersionDate "2024.10.14"]
[SourceQuality "1"]

1. e4 g6 2. d4 Bg7 3. Nc3 c6 4. Nf3 d5 5. h3 dxe4 6. Nxe4 Nf6 7. Nxf6+ exf6 8. Bc4 0-0 9. 0-0 a5 10. a4 Na6 11. Bf4 Nc7 12. c3 Nd5 13. Bh2 Be6 14. Bd3 Re8 15. Nd2 Qd7 16. Qf3 Bf8 17. Ne4 Be7 18. Nc5 Bxc5 19. dxc5 Kg7 20. Rfe1 Rad8 21. Bd6 Ne7 22. Rad1 Bb3 23. Rd2 Nc8 24. Rxe8 Rxe8 25. Bxg6 Qe6 26. Bf5 Qe1+ 27. Kh2 Qxd2 28. Bxc8 Bd5 29. Qg3+ Kh8 30. Bg4 Re1 31. Bf4 Qd3 32. Qxd3 1-0

[Event "Titled Tuesday intern op 09th Apr Late"]
[Site "Chess.com INT"]
[Date "2024.04.09"]
[Round "9"]
[White "Zierk, Steven C"]
[Black "Sevian, Samuel"]
[Result "1-0"]
[WhiteElo "2487"]
[BlackElo "2698"]
[PlyCount "141"]
[EventDate "2024.04.09"]
[EventType "swiss (blitz)"]
[EventRounds "11"]
[EventCountry "USA"]
[SourceTitle "EXT 2025"]
[Source "ChessBase"]
[SourceDate "2024.10.14"]
[SourceVersion "1"]
[SourceVersionDate "2024.10.14"]
[SourceQuality "1"]

1. e4 c5 2. Nf3 e6 3. d4 cxd4 4. Nxd4 Nc6 5. Nc3 Nf6 6. Ndb5 Bc5 7. Bf4 0-0 8. Bc7 Qe7 9. Bd6 Bxd6 10. Qxd6 Qd8 11. 0-0-0 Qa5 12. h4 a6 13. Nd4 b5 14. Nb3 Qb6 15. Qc5 Qc7 16. f3 Rb8 17. h5 h6 18. Kb1 Rd8 19. Qd6 Qxd6 20. Rxd6 Kf8 21. a3 Ke7 22. Rd2 b4 23. axb4 Rxb4 24. g4 d6 25. Be2 Ne8 26. Rhd1 Nc7 27. f4 e5 28. Nd5+ Nxd5 29. exd5 Nb8 30. fxe5 Bxg4 31. exd6+ Rxd6 32. Nd4 Bd7 33. c4 Kf8 34. Nc2 Bf5 35. c5 Rd8 36. Bd3 Bxd3 37. Rxd3 Rc4 38. c6 Nxc6 39. dxc6 Rxd3 40. Rxd3 Rxc6 41. Nb4 Rb6 42. Nd5 Rc6 43. Rf3 Rd6 44. Rf5 Ke8 45. Kc2 g6 46. Re5+ Kd7 47. Nc3 Rb6 48. Ne4 Rc6+ 49. Kd3 f5 50. Nc5+ Kc7 51. hxg6 Rxg6 52. Rxf5 Kb6 53. b3 Kb5 54. Kc3 Rg3+ 55. Kb2 a5 56. Ka3 Rg1 57. Nb7+ Kb6 58. Nxa5 Rh1 59. Nc4+ Kc6 60. Kb4 h5 61. Rf6+ Kc7 62. Kc5 h4 63. Rf7+ Kd8 64. Rh7 h3 65. b4 Ke8 66. b5 Kf8 67. b6 Kg8 68. Rxh3 Rxh3 69. b7 Rb3 70. Nb6 Rc3+ 71. Kb4 1-0

[Event "Titled Tuesday intern op 09th Apr Late"]
[Site "Chess.com INT"]
[Date "2024.04.09"]
[Round "1"]
[White "Zierk, Steven C"]
[Black "Smieszek, Wojciech"]
[Result "1-0"]
[WhiteElo "2487"]
[BlackElo "2127"]
[PlyCount "111"]
[EventDate "2024.04.09"]
[EventType "swiss (blitz)"]
[EventRounds "11"]
[EventCountry "USA"]
[SourceTitle "EXT 2025"]
[Source "ChessBase"]
[SourceDate "2024.10.14"]
[SourceVersion "1"]
[SourceVersionDate "2024.10.14"]
[SourceQuality "1"]

1. e4 c5 2. Nf3 g6 3. d4 cxd4 4. Nxd4 Nc6 5. c4 Nf6 6. Nc3 Nxd4 7. Qxd4 d6 8. Be3 Bg7 9. Be2 0-0 10. Qd2 a5 11. 0-0 a4 12. f3 Qa5 13. Rfd1 Be6 14. Nd5 Bxd5 15. Qxa5 Rxa5 16. cxd5 Nd7 17. Rac1 Nc5 18. Rc2 Rc8 19. b4 axb3 20. axb3 Ra3 21. Rb1 Rca8 22. Bc4 Ra1 23. Rcc1 R1a3 24. Kf2 Ra2+ 25. Kf1 R2a3 26. Rc2 Rb8 27. Bc1 Raa8 28. Bb5 Ra5 29. Be2 Ra1 30. Rxa1 Bxa1 31. b4 Nb3 32. Bg5 Nd4 33. Ra2 Bc3 34. Bxe7 Bxb4 35. Bf6 Nxe2 36. Kxe2 Bc5 37. Kd3 b5 38. Kc3 b4+ 39. Kb3 h6 40. g4 g5 41. h4 gxh4 42. Bxh4 Kg7 43. f4 Kg6 44. e5 Re8 45. e6 fxe6 46. dxe6 h5 47. f5+ Kh6 48. g5+ Kh7 49. g6+ Kg7 50. Rg2 Ra8 51. f6+ Kh6 52. g7 Ra3+ 53. Kc4 Rc3+ 54. Kb5 b3 55. g8Q b2 56. Qg7# 1-0

[Event "Titled Tuesday intern op 26th Mar Late"]
[Site "Chess.com INT"]
[Date "2024.03.26"]
[Round "6"]
[White "Llorente Zaro, Alfonso"]
[Black "Zierk, Steven C"]
[Result "0-1"]
[WhiteElo "2436"]
[BlackElo "2487"]
[PlyCount "54"]
[EventDate "2024.03.26"]
[EventType "swiss (blitz)"]
[EventRounds "11"]
[EventCountry "USA"]
[SourceTitle "EXT 2025"]
[Source "ChessBase"]
[SourceDate "2024.10.14"]
[SourceVersion "1"]
[SourceVersionDate "2024.10.14"]
[SourceQuality "1"]

1. b4 Nf6 2. Bb2 g6 3. Nf3 Bg7 4. g3 0-0 5. Bg2 d5 6. 0-0 a5 7. b5 c6 8. Na3 Bf5 9. d3 c5 10. e3 Nbd7 11. c4 dxc4 12. Nxc4 Nb6 13. Nxb6 Qxb6 14. e4 Bg4 15. a4 Nd7 16. Bxg7 Kxg7 17. Qc2 Bxf3 18. Bxf3 Ne5 19. Be2 Rfd8 20. f4 c4+ 21. Rf2 cxd3 22. Qc3 dxe2 23. Qxe5+ Kg8 24. Kg2 Rd1 25. Rxe2 Qg1+ 26. Kh3 Qf1+ 27. Kh4 Qxe2 0-1

[Event "Titled Tuesday intern op 26th Mar Late"]
[Site "Chess.com INT"]
[Date "2024.03.26"]
[Round "7"]
[White "Nakamura, Hikaru"]
[Black "Zierk, Steven C"]
[Result "1-0"]
[WhiteElo "2789"]
[BlackElo "2487"]
[PlyCount "97"]
[EventDate "2024.03.26"]
[EventType "swiss (blitz)"]
[EventRounds "11"]
[EventCountry "USA"]
[SourceTitle "EXT 2025"]
[Source "ChessBase"]
[SourceDate "2024.10.14"]
[SourceVersion "1"]
[SourceVersionDate "2024.10.14"]
[SourceQuality "1"]

1. Nf3 Nf6 2. b3 g6 3. d4 Bg7 4. Bb2 c5 5. dxc5 Qa5+ 6. Nbd2 Qxc5 7. e3 0-0 8. c4 d5 9. a3 dxc4 10. b4 Qh5 11. Bxc4 Nc6 12. Rc1 Bg4 13. h3 Rfd8 14. Qb3 e6 15. Be2 Bxf3 16. Bxf3 Qb5 17. Rc5 Qd3 18. Qxd3 Rxd3 19. Ke2 Rad8 20. Rc2 R3d7 21. Bxc6 bxc6 22. Rhc1 Nd5 23. Bxg7 Kxg7 24. Nb3 Ne7 25. Nc5 Rd5 26. Nb3 e5 27. Rc5 R8d7 28. e4 Rd3 29. R1c3 Rxc3 30. Rxc3 f5 31. f3 Kf6 32. Rc5 g5 33. Na5 Rd6 34. Nc4 Rd4 35. Ke3 fxe4 36. fxe4 Rd1 37. Nxe5 Re1+ 38. Kf3 Rf1+ 39. Ke2 Ra1 40. Ra5 h5 41. g4 h4 42. Nf3 Ng6 43. e5+ Ke7 44. Nxg5 Nf4+ 45. Kf3 Rf1+ 46. Ke4 Nd5 47. Rxa7+ Ke8 48. Rh7 Re1+ 49. Kf5 1-0

[Event "Titled Tuesday intern op 26th Mar Late"]
[Site "Chess.com INT"]
[Date "2024.03.26"]
[Round "3"]
[White "Olenik Campa, Rudi"]
[Black "Zierk, Steven C"]
[Result "0-1"]
[WhiteElo "2316"]
[BlackElo "2487"]
[PlyCount "54"]
[EventDate "2024.03.26"]
[EventType "swiss (blitz)"]
[EventRounds "11"]
[EventCountry "USA"]
[SourceTitle "EXT 2025"]
[Source "ChessBase"]
[SourceDate "2024.10.14"]
[SourceVersion "1"]
[SourceVersionDate "2024.10.14"]
[SourceQuality "1"]

1. e4 c5 2. Nf3 d6 3. Bb5+ Bd7 4. Bxd7+ Nxd7 5. 0-0 Ngf6 6. Re1 e6 7. d4 cxd4 8. Nxd4 Be7 9. c4 0-0 10. Nc3 Qa5 11. Be3 Rac8 12. Qd2 Rxc4 13. Rac1 Rfc8 14. Nb3 Qh5 15. f3 a6 16. Qe2 b5 17. Rcd1 b4 18. Na4 Qb5 19. Nd2 Rc2 20. b3 Rxa2 21. Qxb5 axb5 22. Nb6 Nxb6 23. Bxb6 Rcc2 24. Be3 d5 25. e5 Nd7 26. f4 Bc5 27. Kf2 Rxd2+ 0-1